Central Library and Information Centre
Sibsagar Girls' College, Sivasagar : Assam

ADVANCED EDUCATIONAL PSYCHOLOGY (Record no. 2248)

MARC details
000 -LEADER
fixed length control field 00490cam a2200205ua 4500
008 - FIXED-LENGTH DATA ELEMENTS--GENERAL INFORMATION
fixed length control field 191126n II |||gr||||Z||||||eng
040 ## - CATALOGING SOURCE
Original cataloging agency MAIN
041 ## - LANGUAGE CODE
-- English
041 ## - LANGUAGE CODE
-- eng
082 ## - DEWEY DECIMAL CLASSIFICATION NUMBER
Classification number 370.15 MAN
100 ## - MAIN ENTRY--PERSONAL NAME
Personal name MANGAL, S.K.
245 ## - TITLE STATEMENT
Title ADVANCED EDUCATIONAL PSYCHOLOGY
250 ## - EDITION STATEMENT
Edition statement 23RD.
260 ## - PUBLICATION, DISTRIBUTION, ETC.
Place of publication, distribution, etc. ND:
Name of publisher, distributor, etc. PRENTICE HALL OF INDIA.,
Date of publication, distribution, etc. 2008.
300 ## - PHYSICAL DESCRIPTION
Extent 520:
Dimensions 23CM.
700 ## - ADDED ENTRY--PERSONAL NAME
Personal name MANGAL, S.K.,
Relator term Author.
942 ## - ADDED ENTRY ELEMENTS (KOHA)
Koha item type Books
653 ## - INDEX TERM--UNCONTROLLED
Uncontrolled term Educational Psychology
Holdings
Withdrawn status Lost status Damaged status Not for loan Collection code Home library Current library Shelving location Date acquired Full call number Barcode Date last seen Copy number Price effective from Koha item type Public note
        TBEDU Central Library and Information Centre Sibsagar Girls College Central Library and Information Centre Sibsagar Girls College Education Reck 13.07.2008 370.15 MAN 23022 27.02.2020 2 27.02.2020 Books  
        TBEDU Central Library and Information Centre Sibsagar Girls College Central Library and Information Centre Sibsagar Girls College EDUCATION BOOK RACK 13.07.2008 370.15 MAN 23538 27.02.2020 1 27.02.2020 Books V


Sibsagar Girl's College © 2020. All rights reserved.
Powered by Koha.
Maintained by Abhijit Borpuzari.